Jyväskylän Kylät ja Kaupungit - Statistics

General Stats
  • This quiz has been taken 106 times
  • The average score is 3 of 34
Answers on the Map
Answers color-coded by a green-red scale on the quiz's map according to % correct below.
 
Answer Stats
Answer % Correct
Palokka
73%
Keljo
56%
Korpilahti
51%
Muurame
48%
Jyväskylä
33%
Saynatsalo
31%
Leppävesi
12%
Vesanka
10%
Nyrölä
6%
Haapaniemi
5%
Leppälahti
2%
Oravasaari
2%
Putkilahti
2%
Juokslahti
1%
Muuratjärvi
1%
Oittila
1%
Tikkamannila
1%
Hahkala
0%
Hauvala
0%
Honkala
0%
Kähö
0%
Korttajärvi
0%
Moiskala
0%
Nuorlahti
0%
Pajulahti
0%
Raidanlahti
0%
Riihijärvi
0%
Ruotsula
0%
Rutalahti
0%
Sammallahti
0%
Särkijoki
0%
Veijo
0%
Vitikkala
0%
Yijälä
0%
No matching quizzes found
Score Distribution
Percent of People with Each Score
Percentile by Number Answered
Your Score History
You have not taken this quiz